Education from the Perspective of the Europe 2020 Strategy: The Case of Southern Countries of the European Union
Vzdelávanie, ako jedna zo súčastí stratégie Europe 2020. Miera skorého odchodu zo škôl - nedokončené vzdelanie. Populácia s terciálnym stupňom vzdelania v južanských krajinách EÚ.
Enregistré dans:
| Auteur principal: | |
|---|---|
| Autres auteurs: | , |
| Format: | Chapitre de livre |
| Langue: | anglais |
| Sujets: | |
| Tags: |
Pas de tags, Soyez le premier à ajouter un tag!
|
MARC
| LEADER | 00000nla a2200000 4500 | ||
|---|---|---|---|
| 001 | 0222143 | ||
| 005 | 20240502083550.8 | ||
| 041 | 0 | |a eng | |
| 044 | |a PL | ||
| 245 | 1 | 0 | |a Education from the Perspective of the Europe 2020 Strategy: The Case of Southern Countries of the European Union |c Emília Duľová Spišáková, Barbora Gontkovičová, Zuzana Hajduová |
| 520 | |a Vzdelávanie, ako jedna zo súčastí stratégie Europe 2020. Miera skorého odchodu zo škôl - nedokončené vzdelanie. Populácia s terciálnym stupňom vzdelania v južanských krajinách EÚ. | ||
| 610 | 2 | 0 | |a vzdelávanie |
| 610 | 2 | 0 | |a vzdelávanie terciárne |
| 610 | 2 | 0 | |a Európska únia |
| 100 | 1 | |a Duľová Spišáková, Emília, 1983- | |
| 700 | 1 | |a Gontkovičová, Barbora, 1986- | |
| 700 | 1 | |a Hajduová, Zuzana, 1974- | |